• 首页
  • 本馆介绍
  • 公告通知
  • 最新文献
  • 馆藏检索
  • 电子资源
  • 读者导购
  • 参考咨询
  • 我的图书馆
  • 登录
  • 详细信息显示
  • 放入我的书架
  • 预约/预借图书
  • 作者相关作品
  • 分类相关作品
  • 丛书相关作品
  • 出版社相关作品

书目信息

  • 表格格式
  • 工作单格式
  • 卡片格式
题名:
中古史书校证
    
 
作者: 真大成 著
分册:  
出版信息: 北京   中华书局  2013
页数: 29,430页
开本: 24cm
丛书名: 浙江大学汉语史研究丛书
单 册:
中图分类: K240.7
科图分类:
主题词: 中国历史--中古史--研究 , 中国历史 , 中古史
电子资源:
ISBN: 978-7-101-09251-6
000 01177oam2 2200289 45
001 517
005 20141008152304.39
010    @a978-7-101-09251-6@dCNY98.00
100    @a20130911d2013 em y0chiy50 ea
101 0  @achi
102    @aCN@b110000
105    @ay z 001yy
106    @ar
200 1  @a中古史书校证@AZhong Gu Shi Shu Xiao Zheng@f真大成著 @FZhen Da Cheng Zhu
210    @a北京@c中华书局@d2013
215    @a29,430页@d24cm
225 2  @a浙江大学汉语史研究丛书
300    @a国家社会科学基金项目“中文文献异文的语言学考察”阶段性成果 教育部人文社科重点研究基地浙江大学汉语史研究中心项目“中古史书异文研究”成果 浙江大学“董氏文史哲研究奖励基金”项目“中古史书异文研究”成果 浙江大学“二一一工程”项目“古代文化典籍整理、研究与保护”成果
330    @a本书主要收录了《晋书》校证第一、《宋书》校证第二、《南齐书》校证第三、《梁书》校证第四、《陈书》校证第五、《魏书》校证第六等内容。
461  0 @12001 @a浙江大学汉语史研究丛书
606 0  @a中国历史@x中古史@x研究
606 0  @a中国历史
606 0  @a中古史
690    @aK240.7@v5
701  0 @a真大成@AZhen Da Cheng@f(1979~)@4著
801  0 @aCN@bTANGWEI@c20141006
905    @b0843498-99@dK240.7@e30@f2
    
    中古史书校证/真大成著 .-北京:中华书局,2013
    29,430页;24cm.-(浙江大学汉语史研究丛书)
    国家社会科学基金项目“中文文献异文的语言学考察”阶段性成果 教育部人文社科重点研究基地浙江大学汉语史研究中心项目“中古史书异文研究”成果 浙江大学“董氏文史哲研究奖励基金”项目“中古史书异文研究”成果 浙江大学“二一一工程”项目“古代文化典籍整理、研究与保护”成果
    
    ISBN 978-7-101-09251-6:CNY98.00
    本书主要收录了《晋书》校证第一、《宋书》校证第二、《南齐书》校证第三、《梁书》校证第四、《陈书》校证第五、《魏书》校证第六等内容。
●
相关链接 在E读中查询图书 在五车中查询图书 在当当中查询图书 在豆瓣中查询图书


正题名:中古史书校证     索取号:K240.7/30         预约/预借

序号 登录号 条形码 馆藏地/架位号 状态 备注
1 0843498   208434988   第二样本阅览室/ [索取号:K240.7/30] 在馆    
2 0843499   208434997   第二借阅区/ [索取号:K240.7/30] 在馆    
唐山师范学院图书馆 欢迎您!
大连网信软件有限公司© 版权所有